LEADER 00904nam a2200205 i 4500 001 000000257042 003 CaOOAMICUS 005 20241203145747.0 008 180126s1824 it u000 u ita u 013 $a235950 026 $anii- iae- c.si cudi (7) 1824 (R) 040 $aSeMil$bita 245 10$aVol. 2. 300 $a528 p. 500 $aContiene: Della prima deca delle Istorie romane libro quinto-decimo. 773 0 $aLivius, Titus <59 a.C.-17.d.C.>$tStoria romana di Tito Livio recata in italiano da Jacopo Nardi, aggiunti i supplimenti del Freinshemio, nuovamente tradotti da Francesco Ambrosoli. Volume 1.[-7.].$dMilano : Per Nicolò Bettoni, 1824-1825.$kBiblioteca storica di tutte le nazioni$g2$w()4925 850 $aSeMil 852 $aSeMil$W1$xVenegono$y1$m3U II 55 FA$j207388$B207388$CSeMilBibl$Z2$F220873 $8I 996 $6245$aVol. 2$9(OLS)http://semarc/title/13458 LEADER 00948nam a2200217 i 4500 001 000000212102 003 CaOOAMICUS 005 20120327000000.0 008 120327s2002 it u000 u ita u 013 $a190931 040 $aSeMil$bita 100 1 $aBarbagli, Marzio <1938- >.$0(OLS)http://semarc/name/11896 245 10$aDal Cinquecento alla Rivoluzione francese /$cM. Barbagli ... [et al.]. 300 $aXXXV, 473 p., [16] c. di tav. :$bill. 490 0 $aStoria e società 773 0 $tStoria della famiglia in Europa.$dRoma [etc.] : GLF editori Laterza, 2002-2005.$x88-420-71$z88-420-6789-X$z88-420-6463-7$g1$w()26514 830 0$aStoria e società.$0(OLS)http://semarc/title/2818 850 $aSeMil 852 $aSeMil$W1$xVenegono$y1$m3U II 541$j162537$B162537$CSeMilBibl$Z2$F175916 $81 961 $aAcquisto: L.S. srl 996 $6245$aDal Cinquecento alla Rivoluzione francese$9(OLS)http://semarc/title/306266